Вып. 6; Наука: ключевые проблемы развития. Научные исследования. Премии ученым. Литература о науке; Наука сегодня

Dettagli Bibliografici
Parent link:Наука сегодня: ежегодный справочник. Вып. 6.— , 1973-1989
Lingua:russo
Pubblicazione: 1978
Soggetti:
Natura: Libro
KOHA link:https://koha.lib.tpu.ru/cgi-bin/koha/opac-detail.pl?biblionumber=348072

MARC

LEADER 00000nam2a2200000 4500
001 348072
005 20231102010053.0
035 |a (RuTPU)RU\TPU\book\380032 
090 |a 348072 
100 |a 20221017d1978 k y0rusy50 ca 
101 0 |a rus 
102 |a RU 
105 |a y g 000zy 
200 0 |a Вып. 6  |i Наука: ключевые проблемы развития. Научные исследования. Премии ученым. Литература о науке 
210 |d 1978 
215 |a 352 с.  |c ил. 
461 1 |0 (RuTPU)RU\TPU\book\196995  |t Наука сегодня  |o ежегодный справочник  |v Вып. 6  |d 1973-1989 
606 1 |a Наука  |2 stltpush  |3 (RuTPU)RU\TPU\subj\45070  |9 64332 
610 1 |a научные исследования 
610 1 |a ученые 
610 1 |a премии 
610 1 |a научно-техническое сотрудничество 
610 1 |a астрономия 
610 1 |a биология 
610 1 |a медицина 
610 1 |a история 
610 1 |a космические исследования 
610 1 |a литературоведение 
610 1 |a языкознание 
610 1 |a математика 
610 1 |a вычислительная техника 
610 1 |a механика 
610 1 |a геология 
610 1 |a науки о Земле 
610 1 |a сельское хозяйство 
610 1 |a физика 
610 1 |a философия 
610 1 |a химия 
610 1 |a экономика 
610 1 |a справочники 
686 |a Ч21  |v LBC/SL-A  |2 rubbk 
801 1 |a RU  |b 63413507  |c 20221017 
942 |c BK